000 00476nam a22001577a 4500
005 20250121024720.0
008 250121b |||||||| |||| 00| 0 eng d
020 _a8120618165
082 _222
_a920
_bMIR
100 _aWinslow, M Rev
245 _aMemoir of Mrs. Harriet L. Winslow
_bThirteen Years a Member of the American Mission in Ceylon
260 _aNew York
_bAmerican Tract Society
_c2003
300 _a479 p .,
500 _aAbout Mrs. Harriet L. Winslow
942 _cL
999 _c5954
_d5954